Geht der Post das Geld aus? Zur Finanzierung zukünftiger Telekommunikationsinvestitionen im Lichte der Empfehlungen der Regierungskommision Fernmeldewesen

Gespeichert in:
Bibliographische Detailangaben
1. Verfasser: Busch, Axel
Format: Buch
Sprache:Deutsch
Veröffentlicht: Kiel Institut für Weltwirtschaft 1988
Ausgabe:1. Aufl.
Schriftenreihe:Kieler Diskussionsbeiträge 136
Tags: Tag hinzufügen
Keine Tags, Fügen Sie das erste Tag hinzu!

MARC

LEADER 00000nam a2200000 4500
001 c031681
005 20221219111000.8
041 0 |a ger 
044 |a DE 
245 1 0 |a Geht der Post das Geld aus?  |b Zur Finanzierung zukünftiger Telekommunikationsinvestitionen im Lichte der Empfehlungen der Regierungskommision Fernmeldewesen  |c Axel Busch 
250 |a 1. Aufl. 
264 1 |a Kiel  |b Institut für Weltwirtschaft  |c 1988 
300 |a 29 s. 
490 1 |a Kieler Diskussionsbeiträge  |v 136 
830 0 |a Kieler Diskussionsbeiträge  |v 136 
100 1 |a Busch, Axel